Introduction to nanomaterials and nanoscience / (Record no. 53387)

MARC details
000 -LEADER
fixed length control field 00626nam a2200229Ia 4500
005 - DATE AND TIME OF LATEST TRANSACTION
control field 20260429112312.0
008 - FIXED-LENGTH DATA ELEMENTS--GENERAL INFORMATION
fixed length control field 260429s9999||||xx |||||||||||||| ||und||
020 ## - INTERNATIONAL STANDARD BOOK NUMBER
International Standard Book Number 9789354667435
041 ## - LANGUAGE CODE
Language English
082 ## - DEWEY DECIMAL CLASSIFICATION NUMBER
Classification number 620.5
Item number DAS
100 ## - MAIN ENTRY--PERSONAL NAME
Personal name Das, Asim K.
245 #0 - TITLE STATEMENT
Title Introduction to nanomaterials and nanoscience /
Statement of responsibility, etc Asim K. Das
250 ## - EDITION STATEMENT
Edition statement 2nd ed.
260 ## - PUBLICATION, DISTRIBUTION, ETC. (IMPRINT)
Place of publication, distribution, etc New Delhi :
Name of publisher, distributor, etc CBS Publishers and Distributors Pvt. Ltd.,
Date of publication, distribution, etc 2025.
300 ## - PHYSICAL DESCRIPTION
Extent xiii, 384 p.; pbk
650 ## - SUBJECT ADDED ENTRY--TOPICAL TERM
Topical term or geographic name as entry element Nanoscience
650 ## - SUBJECT ADDED ENTRY--TOPICAL TERM
Topical term or geographic name as entry element Nanomaterials
700 ## - ADDED ENTRY--PERSONAL NAME
Personal name Das, Ankita
700 ## - ADDED ENTRY--PERSONAL NAME
Personal name Das, Mahua
700 ## - ADDED ENTRY--PERSONAL NAME
Personal name Das, Udita
942 ## - ADDED ENTRY ELEMENTS (KOHA)
Koha item type Text Books
Holdings
Withdrawn status Lost status Damaged status Not for loan Collection code Home library Location Shelving location Date of Cataloging Source of acquisition Total Checkouts Full call number Barcode Date last seen Price effective from Koha item type
        Non-fiction CUTN Central Library CUTN Central Library Medicine, Technology & Management 29/04/2026 CBS Publishers & Distributors, New Delhi - Invoice No. COR/IN/26/11711 on   620.5 DAS 57489 29/04/2026 29/04/2026 Text Books
        Non-fiction CUTN Central Library CUTN Central Library Medicine, Technology & Management 29/04/2026 CBS Publishers & Distributors, New Delhi - Invoice No. COR/IN/26/11711 on   620.5 DAS 57490 29/04/2026 29/04/2026 Text Books